| 000 | 00663pam a2200205 a 4500 | ||
|---|---|---|---|
| 003 | OSt | ||
| 005 | 20260206120340.0 | ||
| 008 | 841106s1985 enk b 001 0 eng | ||
| 020 | _a0521303494 | ||
| 020 |
_a0521316359 _qpbk. |
||
| 040 |
_aKABLIB _cKABLIB _beng _erda |
||
| 082 | 0 | 0 |
_a306.2 _223 _bALF |
| 100 | 1 |
_aAlford, Robert R. _915530 |
|
| 245 | 1 | 0 |
_aPowers of theory : _bcapitalism, the state, and democracy / _cRobert R. Alford, Roger Friedland. |
| 260 |
_aNew York : _bCambridge University Press, _c1985. |
||
| 300 |
_axvi, 502 p. ; _c24 cm. |
||
| 504 | _aIncludes indexes, Bibliography: p. 452-467. | ||
| 700 | 1 |
_aFriedland, Roger. _915531 |
|
| 942 |
_2ddc _cBOOK |
||
| 999 |
_c6109 _d6109 |
||